[Event "ICS Rated blitz match"]
[Site "207.99.5.190"]
[Date "1999.03.09"]
[Round "?"]
[White "Hossa"]
[Black "rajah"]
[Result "1-0"]
[WhiteElo "2478"]
[BlackElo "2359"]
[PlyCount "123"]

1. e4 e6 2. d4 d5 3. Nc3 Nf6 4. e5 Nfd7 5. Nf3 c5 6. Bg5 Qb6 7. Bb5 cxd4 8.
Qxd4 Bc5 9. Qd2 d4 10. Bxd7+ Bxd7 11. Ne4 Bc6 12. Nxc5 Qxc5 13. Qxd4 Qxd4 14.
Nxd4 Bxg2 15. Rg1 Bc6 16. Bd2 g6 17. Bh6 Bd7 18. O-O-O Na6 19. a3 Nc5 20. Ne2
Bb5 21. Nc3 Bc6 22. f4 a5 23. Rd4 a4 24. Rgd1 Bf3 25. Nb5 Bxd1 26. Nc7+ Ke7 27.
Bg5+ f6 28. Bxf6+ Kf7 29. Rxd1 Rac8 30. Bxh8 Rxc7 31. Rd8 Rd7 32. Bf6 Rxd8 33.
Bxd8 b5 34. Kd2 Ke8 35. Bb6 Nd7 36. Bd4 Nb8 37. Kd3 Nc6 38. c4 bxc4+ 39. Kxc4
Nxd4 40. Kxd4 h6 41. h4 Kf7 42. Kc4 g5 43. fxg5 hxg5 44. hxg5 Kg6 45. Kb5 Kxg5
46. Kxa4 Kf5 47. Kb4 Kxe5 48. Kc5 Kf6 49. a4 Ke7 50. a5 Kd7 51. a6 Kc7 52. b4
e5 53. b5 e4 54. b6+ Kc8 55. Kc6 e3 56. b7+ Kd8 57. b8=Q+ Ke7 58. Qe5+ Kf7 59.
Qf5+ Ke7 60. a7 e2 61. a8=Q e1=R 62. Qaf8# {rajah checkmated} 1-0

[Event "ICS Rated blitz match"]
[Site "207.99.5.190"]
[Date "1999.03.09"]
[Round "?"]
[White "rajah"]
[Black "Hossa"]
[Result "1-0"]
[WhiteElo "2348"]
[BlackElo "2489"]
[Annotator "Crafty v16.5"]
[PlyCount "86"]

{annotating for player Hossa using a scoring margin of +0.10 pawns. search
time limit is 20.00} 1. e4 1... c5 2. d4 cxd4 3. c3 dxc3 4. Nxc3 Nc6 ({9:+0.38
} 4... Nc6 5. Bb5 e6 6. Bxc6 bxc6 7. Nge2 f5 8. e5 d5 9. O-O $15) ({9:+0.60} 
4... e6 5. Nf3 Bb4 6. Qd4 Bxc3+ 7. Qxc3 Nf6 8. Bg5 O-O 9. Bxf6 Qxf6 10. Qxf6
10... gxf6 $15) 5. Nf3 b6 ({9:+0.17} 5... b6 6. Bb5 Bb7 7. O-O a6 8. Bxc6 Bxc6
9. Bf4 Nf6 10. Qd4 $10) ({9:+0.41} 5... e6 6. Bb5 Bc5 7. O-O Nge7 8. Na4 Bb4 9.
a3 9... Ba5 $15) 6. Bc4 Bb7 7. O-O Rc8 8. Bf4 Na5 9. Bd3 Nf6 10. Rc1 d6 ({
8:-0.03} 10... d6 11. Nd5 Nh5 12. Nd4 Rxc1 13. Bxc1 Bxd5 14. exd5 Nf6 15. Qf3
$10) ({8:+0.18} 10... e6 11. Qe2 Nh5 12. Be3 Bc5 13. Nb5 Bxe3 14. Rxc8 Qxc8 15.
Qxe3 $10) 11. Qe2 Qd7 ({9:-0.15} 11... Qd7 12. e5 Nh5 13. Be3 d5 14. Nd4 g6 15.
Bb5 15... Nc6 $10) ({9:-0.03} 11... e5 12. Bb5+ Bc6 13. Bg3 Be7 14. Rfd1 Nd7
15. Ba6 Rc7 16. Qe3 $10) 12. Nb5 Nc6 13. Rfd1 Qg4 14. Qe3 Nh5 15. Bg5 f6 16. h3
Qd7 17. Bf4 g5 18. Bh2 g4 19. hxg4 Qxg4 20. Be2 Rg8 21. Ne1 Qg6 22. Qb3 Rh8 23.
Qe6 Kd8 24. Bxh5 Qxh5 25. Nxd6 exd6 26. Bxd6 Bxd6 27. Rxd6+ Kc7 28. Rd5 Qxd5
29. exd5 Rhe8 30. Qf7+ Kb8 31. dxc6 Bxc6 32. Qxf6 Ka8 33. Rxc6 Rxe1+ 34. Kh2
Rxc6 35. Qxc6+ Kb8 36. Qd6+ Kc8 37. Qd5 Kc7 38. Qf7+ Kb8 39. Qg8+ Kb7 40. Qxh7+
Kc6 41. Qxa7 Re8 42. f4 Rd8 43. f5 Rd6 1-0

[Event "ICS Rated blitz match"]
[Site "207.99.5.190"]
[Date "1999.03.09"]
[Round "?"]
[White "Hossa"]
[Black "lambChop"]
[Result "1/2-1/2"]
[WhiteElo "2467"]
[BlackElo "2414"]
[PlyCount "58"]

1. e4 Nc6 2. Nf3 e5 3. Bb5 a6 4. Bxc6 dxc6 5. d3 Bd6 6. d4 Bg4 7. Be3 Nf6 8. h3
Bxf3 9. Qxf3 Bb4+ 10. Nc3 exd4 11. O-O-O c5 12. Bg5 Bxc3 13. bxc3 h6 14. Bxf6
gxf6 15. cxd4 cxd4 16. Qb3 Rg8 17. g3 Rg5 18. Qxb7 Ke7 19. Qc6 Rc8 20. Qxa6 c5
21. h4 Re5 22. Kd2 Kf8 23. a4 c4 24. h5 Ra5 25. Qb7 Rb8 26. Qc6 Rc8 27. Qb7 Rb8
28. Qc6 Rc8 29. Qb7 29... Rb8 {Game drawn by repetition} 1/2-1/2

[Event "ICS Rated standard match"]
[Site "207.99.5.190"]
[Date "1999.03.09"]
[Round "?"]
[White "Hossa"]
[Black "karakusk"]
[Result "1-0"]
[WhiteElo "2173"]
[BlackElo "1954"]
[PlyCount "65"]

1. e4 c6 2. Nc3 d5 3. exd5 cxd5 4. Nf3 Bg4 5. Be2 e6 6. O-O Nf6 7. Ng5 Bxe2 8.
Qxe2 h6 9. Nf3 Nc6 10. Re1 Be7 11. d4 O-O 12. Rb1 Bb4 13. Bd2 Rc8 14. Qb5 Qc7
15. Rbd1 a6 16. Qd3 Na5 17. Nb5 axb5 18. Bxb4 Nc4 19. Qb3 Rfd8 20. Re2 Ne4 21.
Be1 Qb6 22. Kh1 Qa6 23. a3 Qa4 24. Qa2 Nb6 25. Qb1 Rc6 26. Bb4 Rdc8 27. c3 Nd7
28. Rde1 Qb3 29. Qc1 Nb6 30. Ne5 R6c7 31. Ba5 Nxc3 32. bxc3 Rxc3 33. Qf4 {
karakusk resigns} 1-0

[Event "ICS rated bullet match"]
[Site "207.99.5.190"]
[Date "1999.03.09"]
[Round "?"]
[White "Hossa"]
[Black "TDChess"]
[Result "0-1"]
[WhiteElo "2360"]
[BlackElo "2537"]
[Annotator "Crafty v16.5"]
[PlyCount "94"]

{annotating for player Hossa using a scoring margin of +0.10 pawns. search
time limit is 20.00} 1. e4 1... d5 2. exd5 Qxd5 3. Nc3 Qe6+ 4. Be2 Qg6 5. Bf3
Nc6 6. Nb5 Kd8 7. d3 Ne5 8. Be4 f5 9. Bf3 Bd7 10. Nd4 Kc8 11. g3 Qa6 12. Bg2
Ng4 13. Ngf3 e5 14. Ne2 ({8:-0.23} 14. Ne2 14... e4 15. dxe4 fxe4 16. Nfd4 Qa5+
17. Bd2 Qd5 18. O-O 18... N8f6 $10) ({8:-0.04} 14. Nb3 14... Bd6 15. Ng5 Bc6
16. Bxc6 Qxc6 17. O-O 17... N8f6 $10) 14... Qa5+ 15. Qd2 Bb4 16. c3 Bd6 17. O-O
N8f6 18. b4 Qa4 19. Qg5 Rg8 20. Re1 Kb8 21. Bb2 a5 22. bxa5 e4 23. dxe4 fxe4
24. Nfd4 e3 25. f3 Rxa5 26. Qh4 Rh5 27. Qxh5 Nxh5 28. fxg4 Bxg4 29. a3 Rf8 30.
Rf1 Bxe2 31. Rxf8+ Bxf8 32. Nxe2 Qc2 33. Bf3 Nf6 34. Bc1 Qd1+ 35. Kg2 Qe1 36.
Nd4 g5 37. a4 Qf2+ 38. Kh3 Qf1+ 39. Bg2 g4+ 40. Kh4 Qxg2 41. Kg5 Ne4+ 42. Kxg4
Nf2+ 43. Kg5 Qd5+ 44. Nf5 Be7+ 45. Kh6 Qxf5 46. Kg7 Qg6+ 47. Kh8 Bf6# 0-1

[Event "ICS rated bullet match"]
[Site "207.99.5.190"]
[Date "1999.03.09"]
[Round "?"]
[White "TDChess"]
[Black "Hossa"]
[Result "0-1"]
[WhiteElo "2545"]
[BlackElo "2352"]
[PlyCount "98"]

1. d4 Nf6 2. c4 g6 3. Nc3 Bg7 4. e4 d6 5. Nf3 Bg4 6. Be2 O-O 7. O-O Nc6 8. d5
Na5 9. Qa4 b6 10. Be3 Nb7 11. Rfd1 Nc5 12. Qc2 Rc8 13. b4 Nb7 14. Qa4 a5 15. b5
Nd7 16. Qc2 Nbc5 17. Nd4 Bxe2 18. Qxe2 Qe8 19. Qc2 Rd8 20. Nc6 Ra8 21. Bg5 Nf6
22. e5 dxe5 23. Nxe5 Rd8 24. Re1 Nfe4 25. Nxe4 Bxe5 26. Nxc5 Bxa1 27. Rxe7 bxc5
28. Rxe8 Rdxe8 29. Bd2 Re2 30. Qd1 Rfe8 31. a3 a4 32. Be3 Ra2 33. Qxa4 Bd4 34.
Kf1 Bxe3 35. fxe3 Rxe3 36. Qa8+ Kg7 37. Qa5 Rd3 38. Qe1 Kf8 39. h4 Rd4 40. h5
Rxc4 41. hxg6 fxg6 42. Qe3 Rcc2 43. Kg1 Rxg2+ 44. Kf1 Rgc2 45. Qe1 Rh2 46. Kg1
Rag2+ 47. Kf1 Rh1+ 48. Kxg2 Rxe1 49. Kf3 49... c4 {TDChess resigns} 0-1

[Event "ICS Rated standard match"]
[Site "207.99.5.190"]
[Date "1999.03.09"]
[Round "?"]
[White "Esen"]
[Black "Hossa"]
[Result "1-0"]
[WhiteElo "1978"]
[BlackElo "2180"]
[Annotator "Crafty v16.5"]
[PlyCount "86"]

{annotating for player Hossa using a scoring margin of +0.10 pawns. search
time limit is 20.00} 1. e4 1... e5 2. Nf3 Nc6 3. Bb5 a6 4. Bxc6 dxc6 5. d4 Bg4
({9:-0.14} 5... Bg4 6. dxe5 Qxd1+ 7. Kxd1 Ne7 8. Ke1 Bxf3 9. gxf3 Ng6 10. f4
Bb4+ 11. c3 11... Bc5 $10) ({9:+0.16} 5... exd4 6. Qxd4 Qxd4 7. Nxd4 Nf6 8. Nd2
Bc5 9. N4b3 Bd6 10. O-O 10... O-O $10) 6. dxe5 Qxd1+ 7. Kxd1 Bc5 ({9:-0.71} 
7... Bc5 8. Be3 Bxe3 9. fxe3 O-O-O+ 10. Nbd2 Ne7 11. Ke2 Ng6 12. Nc4 12... Kd7
$16) ({9:-0.32} 7... Ne7 8. Bf4 Bxf3+ 9. gxf3 Ng6 10. Bg3 O-O-O+ 11. Nd2 Bc5
12. f4 Rhe8 13. Rg1 $14) 8. Ke2 O-O-O ({10:-0.96} 8... O-O-O 9. Be3 Bb4 10. c3
Be7 11. Rd1 Bxf3+ 12. gxf3 Rxd1 13. Kxd1 Bh4 14. Nd2 14... Ne7 $16) ({10:-0.46
} 8... Bd4 9. Nbd2 Bxe5 10. h3 Bxf3+ 11. Nxf3 Bd6 12. e5 Bc5 13. Be3 Bxe3 14.
Kxe3 14... O-O-O $14) 9. Be3 Bxe3 10. Kxe3 Ne7 ({9:-1.30} 10... Ne7 11. Ng5
Rdf8 12. h3 Bd7 13. Nc3 h6 14. Nf3 14... Rd8 $16) ({9:-1.09} 10... Bxf3 11.
Kxf3 Nh6 12. Na3 Rhe8 13. Nc4 Rd4 14. b3 Kd7 15. Rhd1 $16) 11. Nbd2 Ng6 12. h3
Bxf3 13. Nxf3 Rde8 14. Rad1 Nxe5 15. Nxe5 Rxe5 16. f4 Ra5 17. a3 Rc5 18. c3 h5
19. g3 b5 20. Rd4 h4 21. g4 a5 22. Rhd1 Kb7 23. R1d3 a4 24. e5 Rf8 25. Ke4 Kb6
26. Rd8 Rxd8 27. Rxd8 Rd5 28. Rxd5 cxd5+ 29. Kxd5 Kb7 30. f5 Kc8 31. Kc6 Kd8
32. Kxb5 Ke8 33. Kxa4 Kd7 34. Kb5 Ke7 35. Kc5 Kd7 36. a4 Ke7 37. a5 Kd7 38. a6
Ke7 39. a7 Kd7 40. a8=Q Ke7 41. Kc6 f6 42. e6 g6 43. Qc8 gxf5 1-0

[Event "ICS rated bullet match"]
[Site "207.99.5.190"]
[Date "1999.03.09"]
[Round "?"]
[White "Hossa"]
[Black "mbreul"]
[Result "1-0"]
[WhiteElo "2376"]
[BlackElo "2321"]
[PlyCount "129"]

1. e4 e6 2. d4 d6 3. Nc3 a6 4. Nf3 b6 5. Be2 Bb7 6. O-O h6 7. e5 d5 8. a4 Nd7
9. Bd2 g6 10. a5 b5 11. Na2 Bg7 12. Rc1 c6 13. Bd3 Ne7 14. Nc3 Qc8 15. Be3 Qd8
16. b4 Qc8 17. Ne2 Qd8 18. Qd2 Qc8 19. c3 Qd8 20. Rcd1 Qc8 21. Qc1 Qd8 22. Rde1
Qc8 23. Nf4 Qd8 24. Nh3 Qc8 25. Rd1 Qd8 26. Qd2 Qc8 27. Nf4 Qd8 28. Rde1 Qc8
29. Qe2 Qd8 30. Qc2 Qc8 31. Rd1 Qd8 32. Nxg6 Nxg6 33. Bxg6 Nf8 34. Bd3 Qe7 35.
Kh1 Qd8 36. Qd2 Qe7 37. Rc1 Qd8 38. Kg1 Qe7 39. Rfd1 Qd8 40. Re1 Qe7 41. Kh1
Qd8 42. Rcd1 Qe7 43. Rb1 Qd8 44. Kg1 Qe7 45. Red1 Qd7 46. Kh1 Qe7 47. Rbc1 Qd7
48. Bf4 Qd8 49. Kg1 Qe7 50. Qe2 Qd8 51. Qe3 Qe7 52. Kh1 Qd8 53. Rc2 Qe7 54. Qe2
Qc7 55. Rcc1 Rb8 56. Kg1 Rd8 57. Nh4 Qe7 58. Qg4 Rc8 59. Qxg7 Kd7 60. Nf5 Rc7
61. Nxe7 Kxe7 62. Qxh8 Kd8 63. Qxf8+ Kd7 64. Qxf7+ Kc8 65. Qe8# {
mbreul checkmated} 1-0

[Event "ICS rated bullet match"]
[Site "207.99.5.190"]
[Date "1999.03.09"]
[Round "?"]
[White "mbreul"]
[Black "Hossa"]
[Result "0-1"]
[WhiteElo "2308"]
[BlackElo "2389"]
[PlyCount "44"]

1. e3 Nc6 2. d3 e5 3. h3 d5 4. g3 Bd7 5. Bg2 Nf6 6. Ne2 Bb4+ 7. Nd2 O-O 8. a3
Ba5 9. b3 Qc8 10. Bb2 Qe8 11. Qc1 Bb6 12. Qd1 Qc8 13. Qc1 Bf5 14. Qd1 Bc5 15.
Qc1 Qd7 16. Qd1 Rad8 17. Qc1 d4 18. Qd1 dxe3 19. Bxc6 exd2+ 20. Qxd2 Qxc6 21.
O-O-O Ne4 22. Qe1 22... Nxf2 {mbreul resigns} 0-1

[Event "ICS rated bullet match"]
[Site "207.99.5.190"]
[Date "1999.03.09"]
[Round "?"]
[White "Hossa"]
[Black "mbreul"]
[Result "1-0"]
[WhiteElo "2401"]
[BlackElo "2296"]
[PlyCount "45"]

1. e4 d6 2. Bb5+ Nd7 3. Nc3 a6 4. Be2 b6 5. Nf3 Bb7 6. d3 e6 7. O-O g6 8. Bg5
Ne7 9. d4 Bg7 10. Bxe7 Qxe7 11. Rc1 h6 12. Bd3 Qd8 13. Qe2 Qc8 14. Nd1 Qd8 15.
Ne3 b5 16. c4 bxc4 17. Rxc4 Nb6 18. Rc2 Qd7 19. Rfc1 c6 20. Re1 Rc8 21. Bxa6
Bxa6 22. Qxa6 Rb8 23. Rec1 {mbreul resigns} 1-0

[Event "ICS rated bullet match"]
[Site "207.99.5.190"]
[Date "1999.03.09"]
[Round "?"]
[White "mbreul"]
[Black "Hossa"]
[Result "0-1"]
[WhiteElo "2301"]
[BlackElo "2412"]
[PlyCount "120"]

1. e3 Nc6 2. d3 e5 3. h3 d5 4. g3 Be6 5. Bg2 Qd7 6. Ne2 O-O-O 7. a3 Nf6 8. Nd2
Be7 9. b3 Bd6 10. Bb2 Rhe8 11. Qc1 Bf5 12. Qd1 d4 13. e4 Be6 14. Qc1 Na5 15.
Qd1 Rf8 16. Kf1 Nc6 17. Ke1 Nb8 18. Qc1 Na6 19. Qd1 Rde8 20. Qc1 b5 21. Qd1 Nc5
22. Qc1 Rd8 23. Qd1 Rfe8 24. Qc1 c6 25. Qd1 Qe7 26. Kf1 Rd7 27. Ke1 Qd8 28. Kf1
Rh8 29. Ke1 Rf8 30. Kf1 g5 31. Ke1 Re8 32. Kf1 h5 33. Ke1 Rde7 34. Kf1 Rc7 35.
Ke1 Rd7 36. Kf1 Rb7 37. Ke1 Rb6 38. Kf1 g4 39. h4 Rb7 40. Ke1 Rd7 41. Kf1 Rf8
42. Ke1 Re7 43. Kf1 Ree8 44. Ke1 Qd7 45. Rf1 Rd8 46. Rg1 Rfe8 47. Rf1 Qe7 48.
Bh1 Rd7 49. Bg2 Qd8 50. Bh1 Rde7 51. Bg2 Qd7 52. Bh1 Qc7 53. Bg2 Rd7 54. Ra2
Na4 55. Qc1 Nxb2 56. Qxb2 Rdd8 57. Rg1 Qa5 58. Rf1 Bf8 59. Rg1 Bh6 60. Rf1
60... Qxd2# {mbreul checkmated} 0-1

[Event "ICS rated bullet match"]
[Site "207.99.5.190"]
[Date "1999.03.09"]
[Round "?"]
[White "Hossa"]
[Black "mbreul"]
[Result "1-0"]
[WhiteElo "2423"]
[BlackElo "2290"]
[PlyCount "29"]

1. e4 d6 2. Bb5+ Nd7 3. Nc3 a6 4. Be2 b6 5. Nf3 Bb7 6. d3 h6 7. O-O g6 8. a4 e6
9. a5 b5 10. Be3 Ne7 11. Bd4 Rg8 12. Qc1 Bg7 13. Bxg7 Rxg7 14. Qxh6 Rg8 15.
Rfe1 {mbreul resigns} 1-0

[Event "ICS rated bullet match"]
[Site "207.99.5.190"]
[Date "1999.03.09"]
[Round "?"]
[White "mbreul"]
[Black "Hossa"]
[Result "1-0"]
[WhiteElo "2264"]
[BlackElo "2433"]
[Annotator "Crafty v16.5"]
[PlyCount "159"]

{annotating for player Hossa using a scoring margin of +0.10 pawns. search
time limit is 20.00} 1. e3 1... Nc6 2. d3 e5 3. h3 d5 4. g3 Be6 5. Bg2 Qd7 6.
Ne2 O-O-O 7. a3 Nf6 8. Nd2 Be7 9. b3 Bd6 10. Bb2 Rhe8 11. Qc1 Bf5 12. Qd1 d4 ({
9:+0.42} 12... d4 13. Nc4 dxe3 14. fxe3 Bc5 15. b4 Bd6 16. Nxd6+ cxd6 17. e4
Be6 18. Kf2 $15) ({9:+0.55} 12... e4 13. d4 h5 14. c4 dxc4 15. Nxc4 Kb8 16.
Nxd6 cxd6 17. Rc1 17... Rc8 $15) 13. e4 Be6 14. Qc1 Na5 ({8:+0.17} 14... Na5
15. f4 Qe7 16. f5 Bd7 17. O-O Bc5 18. Nc4 $10) ({8:+0.34} 14... h6 15. Nc4 Nh7
16. Nxd6+ cxd6 17. Qd2 Ng5 18. h4 Bh3 19. O-O Bxg2 20. Kxg2 $15) 15. Qd1 Rf8
16. Qc1 Rde8 17. Qd1 Nc6 18. Qc1 Rd8 19. Qd1 Bc5 20. Qc1 Rfe8 21. Qd1 b5 22.
Qc1 Bd6 23. Qd1 Ne7 24. Qc1 Rf8 25. Qd1 Nc6 26. Qc1 Bc5 27. Qd1 Rg8 28. Qc1 Rh8
29. Qd1 Bd6 30. Qc1 Rhg8 31. Qd1 Rde8 32. Qc1 Rgf8 33. Qd1 Bc5 34. Qc1 Qd6 35.
Qd1 Qd8 36. Qc1 Qd7 37. Qd1 Re7 38. Qc1 Rd8 39. Qd1 Bd6 40. Qc1 a6 41. Qd1 Ree8
42. Qc1 Bc5 43. Qd1 Rf8 44. Qc1 Bd6 45. Qd1 Rg8 46. Qc1 Bc5 47. Qd1 Rde8 48.
Qc1 Rgf8 49. Qd1 Bd6 50. Qc1 a5 51. Qd1 Rd8 52. Qc1 Rfe8 53. Qd1 Rg8 54. Qc1
Rh8 55. Qd1 Nb8 56. Qc1 Rhe8 57. Qd1 Rf8 58. Qc1 Na6 59. Qd1 Nc5 60. Qc1 Nb7
61. Qd1 Rfe8 62. Qc1 c6 63. Qd1 Rf8 64. Qc1 Rde8 65. Qd1 Nc5 66. Qc1 Na6 67.
Qd1 Nc7 68. Qc1 Rg8 69. Qd1 Rd8 70. Qc1 Rh8 71. Qd1 Rhf8 72. Qc1 Rfe8 73. Qd1
Qe7 74. Qc1 Rf8 75. Qd1 Na6 76. Qc1 Qd7 77. Qd1 Nc5 78. Qc1 Rfe8 79. Qd1 Re7
80. Qc1 1-0

[Event "ICS Rated blitz match"]
[Site "207.99.5.190"]
[Date "1999.03.09"]
[Round "?"]
[White "Brunhilde"]
[Black "Hossa"]
[Result "1-0"]
[WhiteElo "2729"]
[BlackElo "2439"]
[Annotator "Crafty v16.5"]
[PlyCount "134"]

{annotating for player Hossa using a scoring margin of +0.10 pawns. search
time limit is 20.00} 1. d4 1... Nf6 2. c4 g6 3. Nc3 Bg7 4. e4 d6 5. Be2 O-O 6.
Bg5 Nc6 7. d5 Ne5 8. Nf3 Nxf3+ 9. Bxf3 Nd7 10. O-O Ne5 11. Be2 b6 ({8:-0.66} 
11... b6 12. f4 Nd7 13. Qd2 Nc5 14. Qe3 Bd7 15. Rae1 $14) ({8:-0.27} 11... f5
12. Qc2 fxe4 13. Nxe4 Bf5 14. Rae1 Nf7 15. Bh4 15... Qd7 $10) 12. f4 Nd7 13. f5
Ne5 14. Qd2 Ba6 15. b3 Re8 16. Bh6 Bf6 17. Qe3 Bb7 18. b4 Rc8 19. c5 c6 20.
fxg6 fxg6 21. cxd6 Qxd6 22. a3 cxd5 23. Nxd5 Bxd5 24. Rad1 Red8 25. Rxd5 Qb8
26. Qb3 Kh8 27. Ba6 Rc6 28. Bf4 Qc7 29. Bb5 Rxd5 30. Qxd5 Rc3 31. Bh6 Qc8 32.
a4 Rc2 33. Ba6 Qb8 34. Kh1 Ng4 35. Bf4 e5 36. Bd2 Qg8 37. Qd7 Bg7 38. Bc1 Nf2+
39. Kg1 Qb8 40. Be3 Rc7 41. Qd5 Ng4 42. Bg5 Qe8 43. Qd1 Nh6 44. Bb5 Qc8 45. Qd5
Ng8 46. Rf3 Qg4 47. Bd2 Rc2 48. Bd7 Qh5 49. Be6 Rxd2 50. Qxd2 Qh4 51. Bxg8 Bh6
52. Qe2 a5 53. bxa5 bxa5 54. Bd5 Qd8 55. Qa6 Bg5 56. Qe6 Qb8 57. Rb3 Qd8 58.
Qxe5+ Bf6 59. Qg3 Bd4+ 60. Kh1 Kg7 61. Rb7+ Kh8 62. Qf4 Bf6 63. Rb8 Kg7 64.
Rxd8 Bxd8 65. Qf7+ Kh6 66. Qf8+ Kg5 67. e5 h5 1-0

[Event "ICS Rated blitz match"]
[Site "207.99.5.190"]
[Date "1999.03.09"]
[Round "?"]
[White "Secret"]
[Black "Hossa"]
[Result "1-0"]
[WhiteElo "2573"]
[BlackElo "2434"]
[Annotator "Crafty v16.5"]
[PlyCount "91"]

{annotating for player Hossa using a scoring margin of +0.10 pawns. search
time limit is 20.00} 1. e4 1... e5 2. Nf3 Nc6 3. Bb5 a6 4. Ba4 Nf6 5. O-O Be7 (
{10:-0.50} 5... Be7 6. d3 b5 7. Bb3 O-O 8. Nc3 Bb7 9. Bg5 Bc5 10. Qe2 $14) ({
10:-0.36} 5... b5 6. Bb3 Bd6 7. d3 O-O 8. Nc3 Na5 9. Bg5 Nxb3 10. axb3 10...
Bb7 $14) 6. Re1 b5 7. Bb3 O-O 8. c3 Bb7 9. d4 exd4 10. e5 Ne8 11. Nxd4 Rb8 12.
Qd3 Nxd4 13. cxd4 Bb4 14. Nc3 Qh4 15. Bc2 Bxc3 16. bxc3 Rc8 17. Bg5 Qh5 18. Be7
Qg6 19. f3 c5 20. Qd2 Qh5 21. Bxc5 Rxc5 22. dxc5 Bc6 23. a4 Nc7 24. axb5 Bxb5
25. Bd3 Bxd3 26. Qxd3 Rd8 27. Qd6 Ne6 28. Rxa6 Qg5 29. Ra7 Nf4 30. g3 Nh3+ 31.
Kh1 Qf5 32. Rf1 Qe6 33. Qxe6 fxe6 34. f4 g5 35. Kg2 g4 36. Rd1 Rb8 37. Rdxd7 h5
38. c6 Rb2+ 39. Kf1 Rb1+ 40. Ke2 Rb8 41. c7 Ng1+ 42. Ke3 Rc8 43. Rb7 Ne2 44.
Rb8 Rf8 45. Rxf8+ Kxf8 46. c8=Q# 1-0

[Event "ICS Rated standard match"]
[Site "207.99.5.190"]
[Date "1999.03.09"]
[Round "?"]
[White "Shearoff"]
[Black "Hossa"]
[Result "0-1"]
[WhiteElo "1971"]
[BlackElo "2156"]
[PlyCount "60"]

1. Nf3 Nc6 2. d4 d5 3. Bf4 Bg4 4. e3 Bxf3 5. Qxf3 Nb4 6. Na3 e6 7. c3 Na6 8.
Bxa6 bxa6 9. Nc2 Rb8 10. b3 Nf6 11. Be5 Ne4 12. c4 Rc8 13. O-O Nd2 14. Qg3 Nxf1
15. Kxf1 f6 16. Bf4 dxc4 17. bxc4 e5 18. dxe5 Qd3+ 19. Kg1 Qxc2 20. exf6 Rb8
21. h3 gxf6 22. Bxc7 Rb7 23. e4 Qxc4 24. Ba5 Qxe4 25. Rd1 Rb1 26. Rxb1 Qxb1+
27. Kh2 Qxa2 28. Qb8+ Kf7 29. Qb7+ Kg8 30. Qd5+ 30... Qxd5 {Shearoff resigns}
0-1

[Event "ICS Rated standard match"]
[Site "207.99.5.190"]
[Date "1999.03.09"]
[Round "?"]
[White "Hossa"]
[Black "picolo"]
[Result "1-0"]
[WhiteElo "2161"]
[BlackElo "1891"]
[PlyCount "61"]

1. e4 c5 2. Bc4 d6 3. Nf3 Nf6 4. e5 dxe5 5. Nxe5 e6 6. O-O Bd6 7. d4 O-O 8. Bg5
cxd4 9. Qxd4 Be7 10. Rd1 Qxd4 11. Rxd4 Nc6 12. Nxc6 bxc6 13. Nc3 h6 14. Bh4 g5
15. Bg3 Nd5 16. Ne4 f5 17. Bxd5 cxd5 18. Bd6 Rf7 19. Bxe7 Rxe7 20. Nd2 Bb7 21.
f4 Rc8 22. Rc1 Kf7 23. Nf3 Kf6 24. Kf2 gxf4 25. Ra4 Ba8 26. Rxf4 Rec7 27. Nd4
Rg8 28. Re1 Re7 29. Rh4 Rg6 30. Rh5 Kg7 31. Nxf5+ {picolo resigns} 1-0

[Event "ICS Rated blitz match"]
[Site "207.99.5.190"]
[Date "1999.03.09"]
[Round "?"]
[White "Hossa"]
[Black "LaDame"]
[Result "1-0"]
[WhiteElo "2424"]
[BlackElo "2415"]
[PlyCount "143"]

1. e4 c5 2. Bc4 Nf6 3. d3 Nc6 4. Nf3 Na5 5. e5 Nxc4 6. dxc4 Ng4 7. O-O Qc7 8.
Qd5 Qc6 9. Qxc6 bxc6 10. h3 Nh6 11. Bxh6 gxh6 12. Nbd2 Rg8 13. Ne4 Rb8 14. b3
d6 15. exd6 Bxh3 16. Ng3 Be6 17. dxe7 Kxe7 18. Rad1 f6 19. Rfe1 Kf7 20. Rd3 Bc8
21. Rd8 Bg7 22. Re7+ Kxe7 23. Rxg8 Kf7 24. Rd8 Ke7 25. Rd2 Kf7 26. Ne1 f5 27.
Nd3 Bc3 28. Re2 Kg8 29. Re7 a5 30. Rc7 f4 31. Ne4 Bg7 32. Nexc5 f3 33. gxf3 h5
34. Rxc6 h4 35. Rc7 Bf5 36. Ra7 Bc3 37. Ne4 Bxe4 38. fxe4 Re8 39. e5 h6 40. Kf1
h3 41. a3 Bxe5 42. Rxa5 h2 43. Kg2 Bc7 44. Ra7 Bb8 45. Rd7 h5 46. f4 Re2+ 47.
Kh1 Rxc2 48. Rd8+ Kg7 49. Rxb8 h4 50. Ne5 h3 51. a4 Rf2 52. Rb7+ Kg8 53. a5 Ra2
54. Nc6 Kh8 55. Rb6 Kg7 56. a6 Rb2 57. Nd4 Ra2 58. b4 Kf7 59. Nf5 Ke8 60. c5
Kd8 61. b5 Kd7 62. Rd6+ Kc8 63. Ne7+ Kb8 64. Rb6+ Kc7 65. Rb7+ Kd8 66. c6 Ke8
67. c7 Rc2 68. c8=Q+ Rxc8 69. Nxc8 Kf8 70. Nd6 Kg8 71. a7 Kf8 72. a8=Q# {
LaDame checkmated} 1-0

[Event "ICS Rated blitz match"]
[Site "207.99.5.190"]
[Date "1999.03.09"]
[Round "?"]
[White "LaDame"]
[Black "Hossa"]
[Result "1-0"]
[WhiteElo "2399"]
[BlackElo "2440"]
[Annotator "Crafty v16.5"]
[PlyCount "91"]

{annotating for player Hossa using a scoring margin of +0.10 pawns. search
time limit is 20.00} 1. e4 1... e5 2. Nf3 Nc6 3. Bb5 a6 4. Ba4 b5 5. Bb3 Be7 6.
O-O Nf6 7. Re1 O-O 8. c3 Bb7 9. d4 exd4 10. cxd4 Na5 11. Bc2 Re8 12. e5 Nd5 13.
Qd3 g6 14. Qe2 Nc4 ({8:-0.22} 14... Nc4 15. Bd3 Nb4 16. Bxc4 bxc4 17. Qxc4 Bd5
18. Qe2 18... Bxa2 $10) ({8:-0.06} 14... Bf8 15. Nbd2 Nf4 16. Qd1 f5 17. Nf1
Nd5 18. Bg5 $10) 15. b3 Ncb6 16. Bh6 Nb4 17. Bd1 N6d5 18. a3 Nc6 19. Bc2 Rc8
20. Qe4 Na5 21. Qd3 b4 22. Bd2 Nc6 23. Qe4 Nb8 24. Bd3 bxa3 25. Bc4 c6 26. Nxa3
Nb6 27. Qf4 Nxc4 28. Nxc4 d6 29. exd6 Bf8 30. Rxe8 Qxe8 31. Nb6 Qe6 32. Nxc8
Bxc8 33. Ng5 Qxb3 34. Re1 Nd7 35. Re8 Bb7 36. Be1 f6 37. Ne6 Kf7 38. Rxf8+ Nxf8
39. Nxf8 Ba8 40. Qe4 Qb7 41. d7 Kxf8 42. Qe8+ Kg7 43. Qe7+ Kh6 44. Bd2+ g5 45.
Qxf6+ Kh5 46. Qxg5# 1-0

[Event "ICS Rated blitz match"]
[Site "207.99.5.190"]
[Date "1999.03.09"]
[Round "?"]
[White "Hossa"]
[Black "Diepeveen"]
[Result "1/2-1/2"]
[WhiteElo "2422"]
[BlackElo "2355"]
[PlyCount "241"]

1. e4 c6 2. Nc3 d6 3. Nf3 e6 4. Be2 d5 5. exd5 cxd5 6. O-O Nc6 7. d4 Nf6 8. Bf4
a6 9. Ne5 Bd7 10. Re1 Be7 11. Nxd7 Qxd7 12. Na4 Qd8 13. c3 O-O 14. Rc1 Nd7 15.
c4 dxc4 16. Bxc4 Nf6 17. Be3 Nd5 18. Bxd5 exd5 19. Qb3 Na5 20. Qb6 Qxb6 21.
Nxb6 Bb4 22. Nxa8 Bxe1 23. Nb6 Bb4 24. Nxd5 Bd6 25. Bf4 Bxf4 26. Nxf4 g5 27.
Rc5 gxf4 28. Rxa5 Rd8 29. Ra4 Kg7 30. f3 Kf6 31. Rc4 Rd7 32. a4 Ke6 33. b3 Kd5
34. a5 Ke6 35. Rb4 f6 36. h3 Kd5 37. Rc4 Re7 38. Kf2 Re3 39. Rb4 Re7 40. h4 Ke6
41. Rb6+ Kf5 42. Rd6 Rf7 43. Rd5+ Kg6 44. h5+ Kg7 45. b4 Rc7 46. b5 axb5 47.
Rxb5 Rd7 48. Ke2 Rxd4 49. Rxb7+ Kh6 50. a6 Ra4 51. a7 Kxh5 52. Rxh7+ Kg6 53.
Re7 f5 54. Rd7 Ra3 55. Kd2 Kf6 56. Rc7 Ke6 57. Kc2 Kd6 58. Rg7 Kc6 59. Kb2 Ra5
60. Rf7 Kb6 61. Rxf5 Rxa7 62. Rxf4 Kc5 63. g4 Kd5 64. Rf6 Rc7 65. f4 Ke4 66. f5
Kf4 67. Rg6 Ke5 68. f6 Ke6 69. g5 Rh7 70. Rg8 Rc7 71. Rb8 Kf5 72. Rb5+ Kg6 73.
Re5 Kf7 74. Rd5 Kg6 75. Kb3 Kf7 76. Rd1 Kg6 77. Rg1 Kf7 78. Rg4 Kg6 79. Rc4
Rb7+ 80. Rb4 Rc7 81. Rb5 Rc1 82. Rd5 Rc7 83. Re5 Rc1 84. Kb4 Rc7 85. Rc5 Rb7+
86. Kc4 Rb1 87. Rd5 Rc1+ 88. Kd4 Rd1+ 89. Kc5 Rc1+ 90. Kb4 Rc7 91. Rb5 Rc1 92.
Rc5 Rb1+ 93. Ka5 Rb7 94. Re5 Rb1 95. Ka4 Rb7 96. Ka3 Rb1 97. Rc5 Rb7 98. Ka4
Rb1 99. Rd5 Rb8 100. Ka3 Rb7 101. Ka2 Rb8 102. Re5 Rb7 103. Rc5 Rb8 104. Ra5
Rb7 105. Re5 Rb8 106. Ka1 Rb7 107. Rd5 Rb8 108. Rc5 Rb7 109. Re5 Rb8 110. Re2
Rb7 111. Rg2 Rb8 112. Rg4 Rb7 113. Rg3 Rb8 114. Ka2 Rb7 115. Rg4 Rb8 116. Ka3
Rb7 117. Rg3 Rb8 118. Rg2 Rb7 119. f7 Rxf7 120. Kb4 Rf5 121. Kc4 {
Game drawn by mutual agreement} 1/2-1/2